| 000 | 00516nam a2200145Ia 4500 | ||
|---|---|---|---|
| 008 | 170221s9999 xx 000 0 und d | ||
| 100 | _aReginald Wilson | ||
| 245 | _aMinority accounting students’ socialization in AACSB-accredited minority colleges of business | ||
| 245 | _cReginald Wilson, The University of Southern Mississippi. | ||
| 260 | _bJournal of Management and Marketing Research | ||
| 260 | _c2014 | ||
| 300 | _a3 : 4 | ||
| 650 | _xBusiness | ||
| 856 | _uhttp://www.aabri.com/manuscripts/131654.pdf | ||
| 999 |
_c311540 _d311540 |
||